[Event "34ème Open International d'Avoine"]
[Site "AVOINE"]
[Date "2019.07.22"]
[Round "3.48"]
[White "El Fakkak, Radouan"]
[Black "Gely, Yann"]
[Result "0-1"]
[WhiteElo "1884"]
[BlackElo "2110"]
[PlyCount "78"]
[EventDate "2019.??.??"]

1. e4 c5 2. Nf3 Nc6 3. d4 cxd4 4. Nxd4 e5 5. Nb5 d6 6. N1c3 a6 7. Na3 Be7 8.
Nc4 b5 9. Ne3 Nf6 10. f3 Be6 11. Ned5 O-O 12. Be3 Rb8 13. Qd2 b4 14. Nxf6+ Bxf6
15. Nd5 Bxd5 16. exd5 Ne7 17. O-O-O Nf5 18. Kb1 Nxe3 19. Qxe3 a5 20. h4 a4 21.
Bd3 b3 22. cxb3 a3 23. Qe4 g6 24. h5 axb2 25. hxg6 hxg6 26. Qg4 Ra8 27. a4 Rc8
28. Bc2 Qc7 29. Qe4 Bg7 30. g4 Qc5 31. Kxb2 f5 32. gxf5 gxf5 33. Qc4 e4+ 34.
Ka2 Qf2 35. Rhf1 Qxc2+ 36. Qxc2 Rxc2+ 37. Ka3 e3 38. Rg1 e2 39. Rde1 Kf7 0-1

[Event "34ème Open International d'Avoine"]
[Site "AVOINE"]
[Date "2019.07.22"]
[Round "3.49"]
[White "Veysseyre, Robin"]
[Black "Wlodarczyk, Cyril"]
[Result "1-0"]
[WhiteElo "1878"]
[BlackElo "2098"]
[PlyCount "95"]
[EventDate "2019.??.??"]

1. e4 c5 2. Nf3 Nc6 3. c4 e6 4. Nc3 a6 5. d4 cxd4 6. Nxd4 Bc5 7. Nb3 Bb4 8. Bd2
Nf6 9. Qc2 O-O 10. Be2 d5 11. exd5 exd5 12. cxd5 Nxd5 13. O-O Nde7 14. Bd3 Ng6
15. a3 Bd6 16. Ne4 Bc7 17. Bg5 f6 18. Bc4+ Kh8 19. Rad1 Qe7 20. Be3 f5 21. Ng3
Qh4 22. Bc5 Nge7 23. Nd4 Rf6 24. Nf3 Qh6 25. Rfe1 Be6 26. Bxe6 Bxg3 27. hxg3
Rxe6 28. Rxe6 Qxe6 29. Re1 Qf6 30. Bxe7 Nxe7 31. Qc7 Ng6 32. Qxb7 Rd8 33. b4 h6
34. a4 f4 35. g4 Qc3 36. Qb6 Qd3 37. b5 axb5 38. Qxb5 Qa3 39. Re8+ Rxe8 40.
Qxe8+ Kh7 41. Qe4 Qa1+ 42. Kh2 Qf6 43. Qf5 Qxf5 44. gxf5 Ne7 45. a5 Nc6 46. a6
g5 47. fxg6+ Kxg6 48. Ne5+ 1-0

[Event "34ème Open International d'Avoine"]
[Site "AVOINE"]
[Date "2019.07.22"]
[Round "3.50"]
[White "Leccia, Antoine"]
[Black "Lemonnier, Remi"]
[Result "1/2-1/2"]
[WhiteElo "1876"]
[BlackElo "2093"]
[PlyCount "82"]
[EventDate "2019.??.??"]

1. d4 Nf6 2. Nf3 e6 3. Bf4 c5 4. e3 Be7 5. c3 Nh5 6. Bg3 Nxg3 7. hxg3 d5 8. Bd3
h6 9. Nbd2 Nd7 10. Rc1 c4 11. Bb1 Qc7 12. e4 dxe4 13. Nxe4 Nf6 14. Nxf6+ Bxf6
15. O-O Bd7 16. Re1 Bg5 17. Nxg5 hxg5 18. Qg4 O-O-O 19. Qxg5 g6 20. Qe5 Qb6 21.
Qc5+ Qxc5 22. dxc5 Rh5 23. b4 cxb3 24. axb3 Rxc5 25. c4 Rh5 26. Be4 Bc6 27.
Bxc6 bxc6 28. Rcd1 Ra5 29. Rxd8+ Kxd8 30. f4 Ra2 31. Rb1 Kc7 32. b4 Ra4 33. Kf2
c5 34. bxc5 Rxc4 35. Ra1 Kb7 36. Ra5 Rc3 37. g4 a6 38. g3 f6 39. Kg2 Re3 40.
c6+ Kxc6 41. Rxa6+ Kb7 1/2-1/2

[Event "34ème Open International d'Avoine"]
[Site "AVOINE"]
[Date "2019.07.20"]
[Round "4.1"]
[White "Vedmediuc, Serghei"]
[Black "Stephan, Victor"]
[Result "1/2-1/2"]
[WhiteElo "2450"]
[BlackElo "2358"]
[PlyCount "43"]
[EventDate "2019.??.??"]
[WhiteTeam "Mulhouse Philidor"]
[BlackTeam "C'Chartres Echecs"]

1. Nf3 {[%emt 0:07:36]} d5 {[%emt 0:00:17]} 2. d4 {[%emt 0:01:14]} Nf6 {
[%emt 0:00:18]} 3. c4 {[%emt 0:00:06]} e6 {[%emt 0:00:21]} 4. g3 {
[%emt 0:00:19]} c5 {[%emt 0:01:33]} 5. Bg2 {[%emt 0:09:06]} Nc6 {[%emt 0:00:34]
} 6. O-O {[%emt 0:00:00]} Be7 {[%emt 0:00:37]} 7. dxc5 {[%emt 0:06:06]} Bxc5 {
[%emt 0:01:38]} 8. Nc3 {[%emt 0:06:37]} O-O {[%emt 0:01:35]} 9. cxd5 {
[%emt 0:01:41]} Nxd5 {[%emt 0:04:28]} 10. Nxd5 {[%emt 0:02:10]} Qxd5 {
[%emt 0:01:44]} 11. Bf4 {[%emt 0:15:00]} Qxd1 {[%emt 0:21:21]} 12. Rfxd1 {
[%emt 0:00:28]} f6 {[%emt 0:00:10]} 13. Rac1 {[%emt 0:03:29]} Bb6 {
[%emt 0:01:32]} 14. Be3 {[%emt 0:21:23]} e5 {[%emt 0:04:25]} 15. Bxb6 {
[%emt 0:01:57]} axb6 {[%emt 0:00:06]} 16. a3 {[%emt 0:00:00]} Be6 {
[%emt 0:01:20]} 17. Nd2 {[%emt 0:04:44]} Rfd8 {[%emt 0:02:09]} 18. Ne4 {
[%emt 0:02:34]} Nd4 {[%emt 0:04:21]} 19. Kf1 {[%emt 0:00:32]} Nb3 {
[%emt 0:02:02]} 20. Rb1 {[%emt 0:02:48]} Bf5 {[%emt 0:04:09]} 21. Ke1 {
[%emt 0:04:50]} Nc5 {[%emt 0:00:51]} 22. f3 {[%emt 0:00:20]} 1/2-1/2

[Event "34ème Open International d'Avoine"]
[Site "AVOINE"]
[Date "2019.07.20"]
[Round "4.2"]
[White "Eden, James"]
[Black "Ollier, Pablo"]
[Result "1/2-1/2"]
[WhiteElo "2343"]
[BlackElo "2381"]
[PlyCount "53"]
[EventDate "2019.??.??"]
[WhiteTeam "U.S.Villejuif Echecs"]
[BlackTeam "Echiquier Médocain"]

1. e4 {[%emt 0:00:04]} e5 {[%emt 0:00:26]} 2. Nf3 {[%emt 0:00:07]} Nc6 {
[%emt 0:00:07]} 3. Bc4 {[%emt 0:00:30]} Nf6 {[%emt 0:00:56]} 4. d3 {
[%emt 0:00:25]} h6 {[%emt 0:00:46]} 5. O-O {[%emt 0:01:06]} d6 {[%emt 0:00:24]}
6. c3 {[%emt 0:00:00]} g5 {[%emt 0:00:19]} 7. Re1 {[%emt 0:06:31]} g4 {
[%emt 0:00:42]} 8. Nh4 {[%emt 0:08:10]} Nxe4 {[%emt 0:16:43]} 9. Rxe4 {
[%emt 0:01:17]} Qxh4 {[%emt 0:00:00]} 10. d4 {[%emt 0:00:39]} Bf5 {
[%emt 0:08:55]} 11. Re1 {[%emt 0:00:57]} O-O-O {[%emt 0:01:41]} 12. Bb5 {
[%emt 0:06:31]} Bg7 {[%emt 0:14:21]} 13. Bxc6 {[%emt 0:07:59]} bxc6 {
[%emt 0:00:08]} 14. Qa4 {[%emt 0:00:22]} exd4 {[%emt 0:00:00]} 15. Qxc6 {
[%emt 0:03:41]} Be6 {[%emt 0:03:23]} 16. Na3 {[%emt 0:02:27]} Qh5 {
[%emt 0:02:26]} 17. Nb5 {[%emt 0:13:26]} Qc5 {[%emt 0:00:18]} 18. Qa6+ {
[%emt 0:00:13]} Kb8 {[%emt 0:06:14]} 19. Nxd4 {[%emt 0:04:57]} Bc8 {
[%emt 0:04:00]} 20. Nc6+ {[%emt 0:25:20]} Ka8 {[%emt 0:00:15]} 21. Qa4 {
[%emt 0:00:07]} Bd7 {[%emt 0:04:48]} 22. Be3 {[%emt 0:00:10]} Bxc6 {
[%emt 0:00:09]} 23. Qa6 {[%emt 0:00:11]} Bb7 {[%emt 0:02:23]} 24. Qa4 {
[%emt 0:00:17]} Bc6 {[%emt 0:00:00]} 25. Qa6 {[%emt 0:00:22]} Bb7 {
[%emt 0:00:09]} 26. Qa4 {[%emt 0:00:07]} Bc6 {[%emt 0:00:08]} 27. Bc1 {
[%emt 0:00:58]} 1/2-1/2

[Event "34ème Open International d'Avoine"]
[Site "AVOINE"]
[Date "2019.07.20"]
[Round "4.3"]
[White "Eugene, Floryan"]
[Black "Demuth, Adrien"]
[Result "1/2-1/2"]
[WhiteElo "2300"]
[BlackElo "2502"]
[PlyCount "103"]
[EventDate "2019.??.??"]
[WhiteTeam "Echiquier de l'Erdre"]
[BlackTeam "Nice Alekhine"]

1. e4 {[%emt 0:00:06]} c5 {[%emt 0:00:07]} 2. Nf3 {[%emt 0:00:21]} Nc6 {
[%emt 0:00:18]} 3. Bb5 {[%emt 0:00:46]} e6 {[%emt 0:00:07]} 4. O-O {
[%emt 0:00:49]} Nge7 {[%emt 0:00:04]} 5. d4 {[%emt 0:00:11]} Qb6 {
[%emt 0:00:06]} 6. Bxc6 {[%emt 0:11:29]} bxc6 {[%emt 0:00:10]} 7. dxc5 {
[%emt 0:04:23]} Qxc5 {[%emt 0:00:00]} 8. Be3 {[%emt 0:01:38]} Qb4 {
[%emt 0:05:48]} 9. Nbd2 {[%emt 0:23:50]} Ng6 {[%emt 0:10:11]} 10. Bd4 {
[%emt 0:06:43]} d6 {[%emt 0:22:32]} 11. c4 {[%emt 0:10:36]} c5 {[%emt 0:06:46]}
12. Bc3 {[%emt 0:00:14]} Qb8 {[%emt 0:00:00]} 13. Re1 {[%emt 0:19:08]} e5 {
[%emt 0:07:04]} 14. Nf1 {[%emt 0:01:48]} Be7 {[%emt 0:00:05]} 15. Ne3 {
[%emt 0:00:36]} O-O {[%emt 0:00:16]} 16. Nf5 {[%emt 0:01:54]} a5 {
[%emt 0:18:12]} 17. Qd2 {[%emt 0:07:19]} a4 {[%emt 0:00:29]} 18. Rab1 {
[%emt 0:08:00]} Be6 {[%emt 0:04:48]} 19. b4 {[%emt 0:01:19]} axb3 {
[%emt 0:00:34]} 20. axb3 {[%emt 0:00:06]} Qc7 {[%emt 0:08:55]} 21. Red1 {
[%emt 0:05:00]} Rfd8 {[%emt 0:04:48]} 22. Ra1 {[%emt 0:00:44]} Rxa1 {
[%emt 0:05:43]} 23. Nxe7+ {[%emt 0:02:13]} Nxe7 {[%emt 0:05:54]} 24. Rxa1 {
[%emt 0:01:10]} Nc6 {[%emt 0:00:30]} 25. Ra6 {[%emt 0:01:52]} Qb7 {
[%emt 0:05:46]} 26. Ra3 {[%emt 0:00:00]} Nd4 {[%emt 0:01:23]} 27. Bxd4 {
[%emt 0:00:29]} cxd4 {[%emt 0:00:04]} 28. Qa5 {[%emt 0:00:32]} Rc8 {
[%emt 0:01:20]} 29. Nd2 {[%emt 0:00:07]} g6 {[%emt 0:00:06]} 30. Ra4 {
[%emt 0:00:52]} Kg7 {[%emt 0:00:35]} 31. Qa7 {[%emt 0:00:00]} Qc6 {
[%emt 0:01:26]} 32. f3 {[%emt 0:00:29]} Rc7 {[%emt 0:00:24]} 33. Qa6 {
[%emt 0:00:27]} Qd7 {[%emt 0:00:30]} 34. Ra1 {[%emt 0:00:35]} Rb7 {
[%emt 0:00:46]} 35. Qa3 {[%emt 0:00:32]} Qc6 {[%emt 0:00:35]} 36. Qa6 {
[%emt 0:00:23]} Rb6 {[%emt 0:00:32]} 37. Qa5 {[%emt 0:00:34]} Qb7 {
[%emt 0:00:30]} 38. Qa7 {[%emt 0:00:30]} Qc6 {[%emt 0:00:21]} 39. Qe7 {
[%emt 0:00:23]} Rb7 {[%emt 0:00:00]} 40. Qd8 {[%emt 0:00:09]} Qc5 {
[%emt 0:00:33]} 41. Ra8 {[%emt 0:17:17]} d3+ {[%emt 0:00:13]} 42. Kf1 {
[%emt 0:00:06]} Qe3 {[%emt 0:09:32]} 43. Qf8+ {[%emt 0:01:28]} Kf6 {
[%emt 0:00:12]} 44. Qd8+ {[%emt 0:00:03]} Kg7 {[%emt 0:01:03]} 45. Qf8+ {
[%emt 0:00:05]} Kf6 {[%emt 0:00:03]} 46. Qd8+ {[%emt 0:00:04]} Re7 {
[%emt 0:17:20]} 47. Qh8+ {[%emt 0:01:09]} Kg5 {[%emt 0:03:00]} 48. Qxh7 {
[%emt 0:07:59]} Qe2+ {[%emt 0:06:35]} 49. Kg1 {[%emt 0:02:22]} Qe3+ {
[%emt 0:00:01]} 50. Kf1 {[%emt 0:00:05]} Qe2+ {[%emt 0:04:58]} 51. Kg1 {
[%emt 0:00:04]} Qe3+ {[%emt 0:00:02]} 52. Kf1 {[%emt 0:01:01]} 1/2-1/2

[Event "34ème Open International d'Avoine"]
[Site "AVOINE"]
[Date "2019.07.20"]
[Round "4.4"]
[White "Bonn, Thomas"]
[Black "Abergel, Thal"]
[Result "1-0"]
[WhiteElo "2272"]
[BlackElo "2450"]
[PlyCount "55"]
[EventDate "2019.??.??"]
[WhiteTeam "Poitiers-Migne Echecs"]
[BlackTeam "Grasse Echecs"]

1. d4 {[%emt 0:00:02]} Nf6 {[%emt 0:00:51]} 2. c4 {[%emt 0:00:20]} b6 {
[%emt 0:00:00]} 3. g3 {[%emt 0:01:48]} Bb7 {[%emt 0:00:12]} 4. Nf3 {
[%emt 0:00:29]} e5 {[%emt 0:02:35]} 5. dxe5 {[%emt 0:04:22]} Ng4 {
[%emt 0:00:10]} 6. Bg2 {[%emt 0:00:00]} Nxe5 {[%emt 0:00:20]} 7. O-O {
[%emt 0:02:29]} Nxf3+ {[%emt 0:03:27]} 8. exf3 {[%emt 0:00:48]} Be7 {
[%emt 0:00:10]} 9. Nc3 {[%emt 0:00:52]} O-O {[%emt 0:00:12]} 10. Nd5 {
[%emt 0:01:11]} Bd6 {[%emt 0:04:51]} 11. f4 {[%emt 0:04:27]} Nc6 {
[%emt 0:00:42]} 12. Bd2 {[%emt 0:07:42]} a5 {[%emt 0:07:15]} 13. Bc3 {
[%emt 0:07:18]} Bc5 {[%emt 0:04:59]} 14. Nf6+ {[%emt 0:09:11]} gxf6 {
[%emt 0:00:00]} 15. Qg4+ {[%emt 0:02:34]} Kh8 {[%emt 0:00:05]} 16. Qf5 {
[%emt 0:01:31]} Nd4 {[%emt 0:01:01]} 17. Bxd4 {[%emt 0:00:20]} Bxd4 {
[%emt 0:00:10]} 18. Bxb7 {[%emt 0:00:12]} Rg8 {[%emt 0:01:04]} 19. Bxa8 {
[%emt 0:04:11]} Qxa8 {[%emt 0:00:00]} 20. Qxd7 {[%emt 0:01:22]} c5 {
[%emt 0:00:08]} 21. Qxf7 {[%emt 0:01:16]} Qf3 {[%emt 0:00:46]} 22. Qe6 {
[%emt 0:27:14]} a4 {[%emt 0:06:33]} 23. Rae1 {[%emt 0:02:55]} Bxb2 {
[%emt 0:02:13]} 24. Qxb6 {[%emt 0:02:03]} Bd4 {[%emt 0:00:00]} 25. Qe6 {
[%emt 0:01:05]} Rb8 {[%emt 0:04:24]} 26. Qf5 {[%emt 0:01:54]} Rd8 {
[%emt 0:02:45]} 27. Re3 {[%emt 0:06:41]} Qc6 {[%emt 0:00:26]} 28. Re7 {
[%emt 0:01:32]} 1-0

[Event "34ème Open International d'Avoine"]
[Site "AVOINE"]
[Date "2019.07.20"]
[Round "4.5"]
[White "Defromont, Benjamin"]
[Black "Burri, Quentin"]
[Result "1/2-1/2"]
[WhiteElo "2245"]
[BlackElo "2422"]
[PlyCount "161"]
[EventDate "2019.??.??"]
[WhiteTeam "Cannes Echecs"]
[BlackTeam "Mulhouse Philidor"]

1. e4 {[%emt 0:00:02]} c5 {[%emt 0:00:07]} 2. Nf3 {[%emt 0:00:03]} d6 {
[%emt 0:00:00]} 3. d4 {[%emt 0:00:05]} cxd4 {[%emt 0:00:10]} 4. Nxd4 {
[%emt 0:00:06]} Nf6 {[%emt 0:00:11]} 5. Nc3 {[%emt 0:00:05]} a6 {[%emt 0:00:16]
} 6. f4 {[%emt 0:00:21]} Nbd7 {[%emt 0:04:45]} 7. a4 {[%emt 0:04:39]} b6 {
[%emt 0:21:49]} 8. Bd3 {[%emt 0:06:56]} Bb7 {[%emt 0:03:34]} 9. O-O {
[%emt 0:01:39]} g6 {[%emt 0:00:00]} 10. Qe2 {[%emt 0:12:21]} Qc7 {
[%emt 0:20:59]} 11. Nf3 {[%emt 0:10:47]} Bg7 {[%emt 0:13:24]} 12. Bd2 {
[%emt 0:04:29]} O-O {[%emt 0:00:48]} 13. Kh1 {[%emt 0:10:10]} e6 {
[%emt 0:03:44]} 14. Rae1 {[%emt 0:05:34]} Nc5 {[%emt 0:03:00]} 15. e5 {
[%emt 0:11:21]} Nfd7 {[%emt 0:05:18]} 16. Ne4 {[%emt 0:12:40]} Nxe4 {
[%emt 0:05:47]} 17. Bxe4 {[%emt 0:01:10]} Bxe4 {[%emt 0:01:09]} 18. Qxe4 {
[%emt 0:00:06]} d5 {[%emt 0:00:10]} 19. Qd3 {[%emt 0:05:12]} Rfc8 {
[%emt 0:01:00]} 20. Rc1 {[%emt 0:09:08]} Nc5 {[%emt 0:02:35]} 21. Qa3 {
[%emt 0:00:12]} Bf8 {[%emt 0:04:11]} 22. Qa1 {[%emt 0:02:50]} Ne4 {
[%emt 0:02:24]} 23. Be3 {[%emt 0:00:58]} b5 {[%emt 0:00:51]} 24. c3 {
[%emt 0:02:32]} Nc5 {[%emt 0:03:35]} 25. Bxc5 {[%emt 0:00:35]} Bxc5 {
[%emt 0:00:10]} 26. Nd4 {[%emt 0:05:44]} bxa4 {[%emt 0:01:17]} 27. Qxa4 {
[%emt 0:00:13]} Qb6 {[%emt 0:00:14]} 28. b3 {[%emt 0:00:00]} Rab8 {
[%emt 0:01:17]} 29. Ra1 {[%emt 0:00:52]} Bxd4 {[%emt 0:01:34]} 30. cxd4 {
[%emt 0:00:08]} Rc3 {[%emt 0:00:43]} 31. Rfd1 {[%emt 0:00:34]} Rxb3 {
[%emt 0:01:43]} 32. Qxa6 {[%emt 0:00:18]} Qxa6 {[%emt 0:00:26]} 33. Rxa6 {
[%emt 0:00:04]} R8b4 {[%emt 0:00:55]} 34. Kg1 {[%emt 0:01:08]} Re3 {
[%emt 0:00:00]} 35. Ra2 {[%emt 0:01:46]} Re4 {[%emt 0:00:12]} 36. Rad2 {
[%emt 0:00:10]} Rxf4 {[%emt 0:00:09]} 37. g3 {[%emt 0:00:10]} Rf3 {
[%emt 0:00:55]} 38. Re1 {[%emt 0:01:32]} Rfb3 {[%emt 0:00:33]} 39. Kg2 {
[%emt 0:00:41]} Rb2 {[%emt 0:00:00]} 40. Ree2 {[%emt 0:00:14]} Rxd2 {
[%emt 0:00:07]} 41. Rxd2 {[%emt 0:00:07]} Kg7 {[%emt 0:01:52]} 42. h4 {
[%emt 0:10:59]} h5 {[%emt 0:18:14]} 43. Kf3 {[%emt 0:05:58]} Rb3+ {
[%emt 0:00:53]} 44. Kf4 {[%emt 0:02:34]} Rb1 {[%emt 0:00:00]} 45. Re2 {
[%emt 0:04:49]} Rf1+ {[%emt 0:01:46]} 46. Ke3 {[%emt 0:00:07]} g5 {
[%emt 0:01:17]} 47. hxg5 {[%emt 0:01:36]} Kg6 {[%emt 0:02:45]} 48. Rh2 {
[%emt 0:01:57]} Kxg5 {[%emt 0:01:12]} 49. Rh4 {[%emt 0:00:20]} Re1+ {
[%emt 0:01:21]} 50. Kd3 {[%emt 0:03:50]} Ra1 {[%emt 0:04:49]} 51. Ke2 {
[%emt 0:03:02]} Ra8 {[%emt 0:04:57]} 52. Rf4 {[%emt 0:02:02]} Kg6 {
[%emt 0:00:06]} 53. Rf6+ {[%emt 0:00:43]} Kg7 {[%emt 0:00:03]} 54. Rf4 {
[%emt 0:01:30]} Rh8 {[%emt 0:00:08]} 55. Rh4 {[%emt 0:03:44]} Kh6 {
[%emt 0:01:29]} 56. Rf4 {[%emt 0:01:20]} Kg6 {[%emt 0:00:12]} 57. Rf6+ {
[%emt 0:00:07]} Kg7 {[%emt 0:00:04]} 58. Rf4 {[%emt 0:00:30]} Rh6 {
[%emt 0:00:27]} 59. Rh4 {[%emt 0:06:17]} f6 {[%emt 0:01:17]} 60. exf6+ {
[%emt 0:01:52]} Kxf6 {[%emt 0:00:05]} 61. Rf4+ {[%emt 0:00:48]} Kg5 {
[%emt 0:00:43]} 62. Rf8 {[%emt 0:00:20]} Rg6 {[%emt 0:00:39]} 63. Rh8 {
[%emt 0:00:00]} Rf6 {[%emt 0:00:57]} 64. Rg8+ {[%emt 0:02:19]} Kf5 {
[%emt 0:00:19]} 65. Kf3 {[%emt 0:01:45]} e5 {[%emt 0:00:13]} 66. dxe5 {
[%emt 0:00:09]} Kxe5+ {[%emt 0:00:03]} 67. Ke2 {[%emt 0:00:16]} Ke4 {
[%emt 0:01:04]} 68. g4 {[%emt 0:00:00]} hxg4 {[%emt 0:00:06]} 69. Rxg4+ {
[%emt 0:00:04]} Ke5 {[%emt 0:00:04]} 70. Ke3 {[%emt 0:00:41]} Rh6 {
[%emt 0:00:15]} 71. Rg5+ {[%emt 0:01:28]} Kd6 {[%emt 0:00:04]} 72. Kd4 {
[%emt 0:00:27]} Rh4+ {[%emt 0:00:05]} 73. Kd3 {[%emt 0:00:04]} Kc5 {
[%emt 0:00:04]} 74. Rg3 {[%emt 0:03:41]} Ra4 {[%emt 0:00:36]} 75. Kd2 {
[%emt 0:00:22]} Ra2+ {[%emt 0:00:10]} 76. Kd1 {[%emt 0:00:11]} Kc4 {
[%emt 0:00:14]} 77. Rh3 {[%emt 0:00:23]} d4 {[%emt 0:00:31]} 78. Kc1 {
[%emt 0:00:00]} Rg2 {[%emt 0:00:37]} 79. Kd1 {[%emt 0:00:13]} d3 {
[%emt 0:00:13]} 80. Rh8 {[%emt 0:00:11]} Kc3 {[%emt 0:00:04]} 81. Rh1 {
[%emt 0:00:53]} 1/2-1/2

[Event "34ème Open International d'Avoine"]
[Site "AVOINE"]
[Date "2019.07.20"]
[Round "4.6"]
[White "Dionisi, Thomas"]
[Black "Heurtebize, Olivier"]
[Result "0-1"]
[WhiteElo "2405"]
[BlackElo "2298"]
[PlyCount "88"]
[EventDate "2019.??.??"]
[WhiteTeam "C.E. de  Bois-Colombes"]
[BlackTeam "Echiquier Tourangeau"]

1. e4 {[%emt 0:19:45]} c5 {[%emt 0:00:22]} 2. Nf3 {[%emt 0:00:09]} e6 {
[%emt 0:00:00]} 3. c3 {[%emt 0:00:07]} Nf6 {[%emt 0:00:06]} 4. e5 {
[%emt 0:00:10]} Nd5 {[%emt 0:00:02]} 5. d4 {[%emt 0:00:02]} cxd4 {
[%emt 0:00:13]} 6. cxd4 {[%emt 0:00:00]} b6 {[%emt 0:00:53]} 7. Nc3 {
[%emt 0:00:08]} Bb7 {[%emt 0:01:17]} 8. Bd3 {[%emt 0:02:41]} Nxc3 {
[%emt 0:04:44]} 9. bxc3 {[%emt 0:00:05]} d6 {[%emt 0:00:00]} 10. O-O {
[%emt 0:00:26]} Nd7 {[%emt 0:00:24]} 11. Ng5 {[%emt 0:00:49]} g6 {
[%emt 0:08:19]} 12. f4 {[%emt 0:02:22]} Be7 {[%emt 0:04:37]} 13. Ne4 {
[%emt 0:00:00]} d5 {[%emt 0:02:56]} 14. Ng3 {[%emt 0:07:39]} Qc8 {
[%emt 0:00:07]} 15. Qe2 {[%emt 0:01:00]} a5 {[%emt 0:13:49]} 16. c4 {
[%emt 0:09:49]} dxc4 {[%emt 0:00:00]} 17. Bxc4 {[%emt 0:00:07]} Ba6 {
[%emt 0:00:04]} 18. Bxa6 {[%emt 0:05:00]} Qxa6 {[%emt 0:02:38]} 19. Qf3 {
[%emt 0:00:10]} Rc8 {[%emt 0:01:51]} 20. d5 {[%emt 0:26:18]} exd5 {
[%emt 0:00:14]} 21. Bb2 {[%emt 0:00:03]} O-O {[%emt 0:21:00]} 22. Rad1 {
[%emt 0:09:02]} Rc2 {[%emt 0:02:00]} 23. Rxd5 {[%emt 0:04:51]} Rxb2 {
[%emt 0:00:23]} 24. Rxd7 {[%emt 0:00:06]} Bc5+ {[%emt 0:00:08]} 25. Kh1 {
[%emt 0:00:03]} Qc4 {[%emt 0:04:30]} 26. f5 {[%emt 0:01:53]} Rxa2 {
[%emt 0:03:00]} 27. e6 {[%emt 0:06:26]} Ra3 {[%emt 0:23:42]} 28. exf7+ {
[%emt 0:00:06]} Rxf7 {[%emt 0:00:44]} 29. Qa8+ {[%emt 0:00:29]} Rf8 {
[%emt 0:01:48]} 30. Qb7 {[%emt 0:00:17]} Bd4 {[%emt 0:01:37]} 31. Rc7 {
[%emt 0:00:30]} Qb5 {[%emt 0:00:00]} 32. f6 {[%emt 0:07:48]} Bxf6 {
[%emt 0:00:56]} 33. Rc8 {[%emt 0:00:04]} Ra1 {[%emt 0:01:11]} 34. Rxf8+ {
[%emt 0:03:01]} Kxf8 {[%emt 0:00:08]} 35. Qb8+ {[%emt 0:00:13]} Qe8 {
[%emt 0:03:16]} 36. Qxb6 {[%emt 0:00:17]} Rxf1+ {[%emt 0:00:00]} 37. Nxf1 {
[%emt 0:00:03]} Qe5 {[%emt 0:00:23]} 38. h3 {[%emt 0:00:23]} Be7 {
[%emt 0:00:28]} 39. Ne3 {[%emt 0:00:58]} Bd6 {[%emt 0:01:00]} 40. Qd8+ {
[%emt 0:00:22]} Kg7 {[%emt 0:00:12]} 41. Qd7+ {[%emt 0:00:11]} Qe7 {
[%emt 0:00:00]} 42. Qc6 {[%emt 0:00:05]} a4 {[%emt 0:06:38]} 43. Qd5 {
[%emt 0:04:40]} Qe5 {[%emt 0:03:43]} 44. Qb7+ {[%emt 0:00:08]} Bc7 {
[%emt 0:00:26]} 0-1

[Event "34ème Open International d'Avoine"]
[Site "AVOINE"]
[Date "2019.07.20"]
[Round "4.7"]
[White "Travadon, Loic"]
[Black "Bouget, Alexandre"]
[Result "1/2-1/2"]
[WhiteElo "2403"]
[BlackElo "2275"]
[PlyCount "90"]
[EventDate "2019.??.??"]
[WhiteTeam "Cergy Pontoise Echecs"]
[BlackTeam "Echiquier Guingampais"]

1. Nf3 {[%emt 0:00:03]} Nf6 {[%emt 0:00:46]} 2. c4 {[%emt 0:00:03]} g6 {
[%emt 0:00:23]} 3. Nc3 {[%emt 0:00:05]} Bg7 {[%emt 0:02:42]} 4. e4 {
[%emt 0:01:16]} e5 {[%emt 0:00:07]} 5. Nxe5 {[%emt 0:01:24]} O-O {
[%emt 0:00:11]} 6. Be2 {[%emt 0:01:13]} Nxe4 {[%emt 0:20:42]} 7. Nxe4 {
[%emt 0:00:08]} Bxe5 {[%emt 0:00:00]} 8. d4 {[%emt 0:00:04]} Bg7 {
[%emt 0:00:49]} 9. O-O {[%emt 0:04:08]} d5 {[%emt 0:02:00]} 10. cxd5 {
[%emt 0:00:19]} Qxd5 {[%emt 0:00:25]} 11. Nc3 {[%emt 0:00:16]} Qd8 {
[%emt 0:15:46]} 12. Be3 {[%emt 0:01:33]} Nd7 {[%emt 0:05:00]} 13. Bf3 {
[%emt 0:11:33]} Nb6 {[%emt 0:01:25]} 14. Qb3 {[%emt 0:02:22]} a5 {
[%emt 0:11:33]} 15. a4 {[%emt 0:00:33]} Qe7 {[%emt 0:03:10]} 16. Rac1 {
[%emt 0:03:38]} Qb4 {[%emt 0:00:56]} 17. Qa2 {[%emt 0:01:11]} c6 {
[%emt 0:06:15]} 18. d5 {[%emt 0:06:08]} Nc4 {[%emt 0:02:40]} 19. Nd1 {
[%emt 0:01:29]} cxd5 {[%emt 0:01:14]} 20. Bxd5 {[%emt 0:00:18]} Nxe3 {
[%emt 0:00:36]} 21. Nxe3 {[%emt 0:00:00]} Qxb2 {[%emt 0:00:50]} 22. Qxb2 {
[%emt 0:02:17]} Bxb2 {[%emt 0:00:05]} 23. Rb1 {[%emt 0:00:07]} Bd4 {
[%emt 0:05:32]} 24. Bxb7 {[%emt 0:02:43]} Bxb7 {[%emt 0:00:04]} 25. Rxb7 {
[%emt 0:00:01]} Rab8 {[%emt 0:03:06]} 26. Rd7 {[%emt 0:01:38]} Bxe3 {
[%emt 0:03:32]} 27. fxe3 {[%emt 0:00:02]} Rb4 {[%emt 0:00:04]} 28. Rf4 {
[%emt 0:00:33]} Rxf4 {[%emt 0:00:42]} 29. exf4 {[%emt 0:00:01]} Rc8 {
[%emt 0:00:18]} 30. Rd4 {[%emt 0:04:12]} Rc2 {[%emt 0:00:32]} 31. h3 {
[%emt 0:00:00]} Ra2 {[%emt 0:00:16]} 32. Kh2 {[%emt 0:00:13]} Ra3 {
[%emt 0:00:34]} 33. g4 {[%emt 0:00:56]} Kg7 {[%emt 0:01:03]} 34. h4 {
[%emt 0:00:54]} h6 {[%emt 0:00:00]} 35. Kg2 {[%emt 0:00:09]} Kf6 {
[%emt 0:01:20]} 36. g5+ {[%emt 0:00:46]} hxg5 {[%emt 0:00:06]} 37. fxg5+ {
[%emt 0:00:19]} Ke5 {[%emt 0:02:30]} 38. Rc4 {[%emt 0:00:21]} Kd5 {
[%emt 0:01:25]} 39. Rf4 {[%emt 0:01:35]} Ke5 {[%emt 0:02:00]} 40. Rg4 {
[%emt 0:04:11]} Rc3 {[%emt 0:04:43]} 41. Kf2 {[%emt 0:00:31]} Kf5 {
[%emt 0:03:53]} 42. Rd4 {[%emt 0:00:02]} Ke5 {[%emt 0:00:01]} 43. Rd7 {
[%emt 0:00:30]} Rc4 {[%emt 0:02:37]} 44. Rxf7 {[%emt 0:05:53]} Rxh4 {
[%emt 0:04:15]} 45. Kg3 {[%emt 0:00:40]} Rxa4 {[%emt 0:01:12]} 1/2-1/2

[Event "34ème Open International d'Avoine"]
[Site "AVOINE"]
[Date "2019.07.20"]
[Round "4.8"]
[White "Mullon, Jean-Baptiste"]
[Black "Iglesias, Joachim"]
[Result "1-0"]
[WhiteElo "2378"]
[BlackElo "2258"]
[PlyCount "51"]
[EventDate "2019.??.??"]
[WhiteTeam "Echiquier Agenais"]
[BlackTeam "Vandoeuvre-Echecs"]

1. e4 {[%emt 0:00:02]} g6 {[%emt 0:01:29]} 2. d4 {[%emt 0:02:37]} d6 {
[%emt 0:00:00]} 3. Nc3 {[%emt 0:00:29]} c6 {[%emt 0:00:06]} 4. Nf3 {
[%emt 0:07:25]} Nf6 {[%emt 0:00:36]} 5. Be3 {[%emt 0:01:12]} Bg7 {
[%emt 0:00:41]} 6. Qd2 {[%emt 0:00:00]} Qa5 {[%emt 0:02:00]} 7. h3 {
[%emt 0:01:06]} Nbd7 {[%emt 0:00:34]} 8. Bd3 {[%emt 0:07:19]} O-O {
[%emt 0:01:32]} 9. O-O {[%emt 0:02:51]} Qc7 {[%emt 0:00:00]} 10. Ne2 {
[%emt 0:03:11]} b6 {[%emt 0:22:36]} 11. Ng3 {[%emt 0:01:12]} e6 {[%emt 0:01:28]
} 12. Rfe1 {[%emt 0:01:14]} c5 {[%emt 0:01:41]} 13. c3 {[%emt 0:00:53]} Re8 {
[%emt 0:02:09]} 14. Bh6 {[%emt 0:02:38]} Bh8 {[%emt 0:04:00]} 15. Qg5 {
[%emt 0:06:30]} e5 {[%emt 0:08:22]} 16. Qh4 {[%emt 0:01:02]} exd4 {
[%emt 0:03:24]} 17. cxd4 {[%emt 0:00:06]} cxd4 {[%emt 0:01:05]} 18. Rac1 {
[%emt 0:03:44]} Nc5 {[%emt 0:05:10]} 19. b4 {[%emt 0:01:48]} Nfd7 {
[%emt 0:00:00]} 20. bxc5 {[%emt 0:01:29]} bxc5 {[%emt 0:00:21]} 21. Bf4 {
[%emt 0:02:54]} Ne5 {[%emt 0:04:10]} 22. Bxe5 {[%emt 0:00:37]} Bxe5 {
[%emt 0:02:39]} 23. Ng5 {[%emt 0:00:39]} h5 {[%emt 0:04:39]} 24. Bc4 {
[%emt 0:04:49]} Bf6 {[%emt 0:00:00]} 25. Qf4 {[%emt 0:00:47]} Bxg5 {
[%emt 0:00:09]} 26. Qxg5 {[%emt 0:00:03]} 1-0